| 000 | 00609nam a2200217Ia 4500 | ||
|---|---|---|---|
| 003 | OSt | ||
| 005 | 20250916154303.0 | ||
| 008 | 210719s1971 xx 000 0 und d | ||
| 040 | _cAL | ||
| 041 | _atulu | ||
| 082 | _aT894.2 MUDJ | ||
| 100 |
_aMUDURU (T G) _d ಮುದುರು (ಟಿ ಜಿ) _9238857 |
||
| 245 |
_aJokule buddhi _bಜೋಕುಲೆ ಬುದ್ಧಿ |
||
| 260 |
_aPanja _c1971 |
||
| 300 |
_a55 _bPB |
||
| 365 |
_b1.25 _cRs |
||
| 650 |
_aTulu Drama _9238858 |
||
| 650 |
_a ತುಳು ಪ್ರಹಸನ _9238859 |
||
| 906 | _abuddhi ; Jokule ; prahasana ; Tulu | ||
| 942 |
_2ddc _cBK |
||
| 999 |
_c214825 _d214825 |
||